|
|
|
|
| LEADER |
006630000a22002050004500 |
| 020 |
|
|
|a 0-14-023688-0
|
| 082 |
|
|
|a In 823.01 NAR/S N3
|
| 100 |
|
|
|a Narayan, R K; Author
|
| 245 |
|
|
|a Salt and sawdust: stories and table talk
|
| 250 |
|
|
|
| 260 |
|
|
|a New Delhi, Penguin Books India(P) Ltd
|
| 260 |
|
|
|c 1993
|
| 460 |
|
|
|a viii,221p
|
| 465 |
|
|
|a Rs.200.00
|
| 500 |
|
|
|a R K Narayan
|
| 650 |
|
|
|a Indian English essays
|
| 650 |
|
|
|a Short stories, Indian English
|
| 942 |
|
|
|c BK
|
| 999 |
|
|
|c 35335
|d 35335
|
| 952 |
|
|
|0 0
|1 3
|4 0
|6 IN_823_010000000000000_NARS_N3
|7 0
|8 ENG
|9 35732
|a MGUL
|b MGUL
|d 2013-07-16
|e Rs.200.00
|l 1
|o In 823.01 NAR/S N3
|p 35443
|r 2013-07-17
|s 2013-07-17
|w 2013-07-16
|y BK
|